| 000 | 00491cam a2200205 4500 | ||
|---|---|---|---|
| 001 | D6619 | ||
| 008 | 090401t1978 xxu||||| |||| 00| 0 eng d | ||
| 035 | _a(Sirsi) u2017 | ||
| 041 | _aeng | ||
| 050 | _a711.1 | ||
| 100 | _aLee, Michael | ||
| 245 | _aPlanning enquiry study two | ||
| 260 |
_aLondon _bDonaldsons _c1978 |
||
| 300 | _aviii. 151p. ill. 29cm | ||
| 350 | _a10 | ||
| 490 |
_aDonaldsons Research Report _v5 |
||
| 700 | _aKent, Elizabeth | ||
| 942 | _n0 | ||
| 948 | _c04/03/1997 | ||
| 999 |
_c85719 _d85719 |
||